ESTADOS AUTISTICOS EN LOS NIÑOS (Registro nro. 48315)
[ vista simple ]
| 000 -LEADER | |
|---|---|
| fixed length control field | 00823nam a2200205 a 4500 |
| 001 - CONTROL NUMBER | |
| control field | 48315 |
| 005 - DATE AND TIME OF LATEST TRANSACTION | |
| control field | 20180714032600.0 |
| 008 - FIXED-LENGTH DATA ELEMENTS--GENERAL INFORMATION | |
| fixed length control field | 140415s1981 sp 000 0 spa d |
| 020 ## - INTERNATIONAL STANDARD BOOK NUMBER | |
| International Standard Book Number | 8475098045 |
| 041 ## - LANGUAGE CODE | |
| Language code of text/sound track or separate title | spa |
| 082 ## - DEWEY DECIMAL CLASSIFICATION NUMBER | |
| Classification number | 616.8982 |
| Item number | TUS |
| 100 1# - MAIN ENTRY--PERSONAL NAME | |
| Personal name | TUSTIN, FRANCES |
| 245 10 - TITLE STATEMENT | |
| Title | ESTADOS AUTISTICOS EN LOS NIÑOS |
| 250 ## - EDITION STATEMENT | |
| Edition statement | 1a ed. |
| 260 ## - PUBLICATION, DISTRIBUTION, ETC. | |
| Place of publication, distribution, etc. | ESPAÑA : |
| Name of publisher, distributor, etc. | PAIDOS IBERICA, |
| Date of publication, distribution, etc. | 1981 |
| 300 ## - PHYSICAL DESCRIPTION | |
| Extent | 323 |
| Dimensions | 15.7 x 2 x 22 |
| 520 ## - SUMMARY, ETC. | |
| Summary, etc. | ESTE LIBRO SE OCUPA DE LA TERAPIA DE LA PSICOSIS INFANTIL DE ORIGEN PSICÓGENO. CON EL FIN DE PROPORCIONAR ORIENTACIÓN RESPECTO DE LAS NECESIDADES TERAPÉUTICAS Y LAS PERSPECTIVAS DE LOS NIÑOS PSICÓTICOS, TRAZA UN ESBOZO DE LA CLASIFICACIÓN BASADO EN EL RECONOCIMIENTO DEL AUTISMO PATOLÓGICO. |
| 650 14 - SUBJECT ADDED ENTRY--TOPICAL TERM | |
| Topical term or geographic name entry element | AUTISMO |
| 740 ## - ADDED ENTRY--UNCONTROLLED RELATED/ANALYTICAL TITLE | |
| Uncontrolled related/analytical title | AUTISTIC STATES IN CHILDREN |
| Withdrawn status | Lost status | Source of classification or shelving scheme | Damaged status | Not for loan | Collection code | Home library | Current library | Shelving location | Date acquired | Source of acquisition | Inventory number | Total Checkouts | Full call number | Barcode | Date last seen | Date last checked out | Price effective from | Koha item type |
|---|---|---|---|---|---|---|---|---|---|---|---|---|---|---|---|---|---|---|
| Dewey Decimal Classification | General | Biblioteca Karol Wojtyla | Biblioteca Karol Wojtyla | Sala general | 03/12/2013 | Compra | 151000000000000000008527 | 2 | 616.8982 TUS | 72268 | 05/01/2026 | 18/03/2022 | 03/12/2013 | Libro |